Fundamentals of sociology: (Record no. 8909)

MARC details
000 -LEADER
fixed length control field 00563cam a2200205ua 4500
005 - DATE AND TIME OF LATEST TRANSACTION
control field 20220922142302.0
008 - FIXED-LENGTH DATA ELEMENTS--GENERAL INFORMATION
fixed length control field 161007n ii |||gr||||Z||||||eng
020 ## - INTERNATIONAL STANDARD BOOK NUMBER
International Standard Book Number 9789382056188
040 ## - CATALOGING SOURCE
Transcribing agency MAIN
Original cataloging agency IN-DiNC
041 ## - LANGUAGE CODE
Language code of sung or spoken text English
082 ## - DEWEY DECIMAL CLASSIFICATION NUMBER
Classification number 301
Item number BOR
100 ## - MAIN ENTRY--PERSONAL NAME
Personal name Borgohain, Himanta,
Relator term Author
245 ## - TITLE STATEMENT
Title Fundamentals of sociology:
Remainder of title HS first year /
Statement of responsibility, etc. By Himanta Borgohain .
250 ## - EDITION STATEMENT
Edition statement 1st ed.
260 ## - PUBLICATION, DISTRIBUTION, ETC.
Place of publication, distribution, etc. Dibrugarh:
Name of publisher, distributor, etc. Banalata,
Date of publication, distribution, etc. 2016.
300 ## - PHYSICAL DESCRIPTION
Extent 309p.
650 ## - SUBJECT ADDED ENTRY--TOPICAL TERM
Topical term or geographic name entry element Society and sociology
942 ## - ADDED ENTRY ELEMENTS (KOHA)
Koha item type Books
Source of classification or shelving scheme Dewey Decimal Classification
653 ## - INDEX TERM--UNCONTROLLED
Uncontrolled term Sociology & anthropology
Holdings
Withdrawn status Lost status Damaged status Not for loan Home library Current library Date acquired Total Checkouts Full call number Barcode Date last seen Date last checked out Copy number Price effective from Koha item type
        Central Library, Naharkatiya College Central Library, Naharkatiya College 19/09/2020 10 301 | BOR 23380 26/04/2024 27/03/2024 3 19/09/2020 Books
        Central Library, Naharkatiya College Central Library, Naharkatiya College 19/09/2020 6 301 | BOR 23381 11/03/2024 13/02/2024 2 19/09/2020 Books
        Central Library, Naharkatiya College Central Library, Naharkatiya College 19/09/2020 10 301 | BOR 23382 04/04/2024 27/03/2024 1 19/09/2020 Books

Naharkatiya College © 2020. All rights reserved.

Powered By